Statistics for Movies by Clue Quiz #3

Click here to take the quiz!

General Stats

  • This quiz has been taken 22,479 times
  • The average score is 12 of 22

Answer Stats

CluesMovie% Correct
Skull Island, Empire State Building, Beauty kills beastKing Kong
91%
Clarice, Chianti, CannibalThe Silence of the Lambs
88%
Paris, Kidnapping, Very particular set of skillsTaken
74%
Red pill, Trinity, Leather and sunglassesThe Matrix
70%
Mom gets shot, Thumper, TwitterpationBambi
70%
Clock tower, Gigawatts, The Power of LoveBack to the Future
66%
Hollywood escort, Pygmalion tale, Roy Orbison songPretty Woman
65%
Wildebeest stampede, James Earl Jones, HamletThe Lion King
62%
Australia, Oil shortage, Motorcycle gangsMad Max
60%
Kooky facepaint, Hedge trimming, Winona RyderEdward Scissorhands
57%
Kick ambassador into pit, Evil Persians, Male nudity300
51%
Genovia, Julie Andrews, Secret royaltyThe Princess Diaries
48%
Stella!, Tennessee Williams, New OrleansA Streetcar Named Desire
47%
Polaroids, Time goes backwards, AmnesiaMemento
46%
As if!, Beverly Hills, Brittany MurphyClueless
45%
Australia, Porcine, That'll doBabe
44%
Snow Globe, Rosebud, XanaduCitizen Kane
43%
Suffocated by paint, Crotch laser, Killer frisbee hatGoldfinger
38%
Architect, Empire State Building, Matchmaker sonSleepless in Seattle
34%
Fifty eggs, Communication failure, Paul NewmanCool Hand Luke
30%
Pagan island, Nicolas Cage, Not the BEES!!!The Wicker Man
28%
Manic pixie dream girl, Paris, Garden gnome around the worldAmélie
22%

Score Distribution

Percentile by Number Answered

Percent of People with Each Score

Your Score History

You have not taken this quiz